| 000 | 01714nam a22003137a 4500 | ||
|---|---|---|---|
| 005 | 20140820113347.0 | ||
| 010 | _aENG-108918 | ||
| 020 |
_a9788120347915 _c395.00 |
||
| 035 | _aEN-92451 | ||
| 035 | _aB-536837-842 | ||
| 037 | _bDBAD/PUB | ||
| 037 |
_bUBH/Ven _adpl |
||
| 082 |
_a005.7565 _223 |
||
| 100 | _aCouch, Andrew | ||
| 245 |
_aMicrosoft Access 2013 : _cby Andrew Couch _bplain & simple / |
||
| 246 | _aAccess 2013 plain and simple | ||
| 246 | _aOffice Access 2013 plain and simple | ||
| 246 | _aAccess 2013 | ||
| 260 |
_aNew Delhi _bPHI Learning _c2013 |
||
| 270 |
_aRimjhim House,111, Patparganj Industrial Estate, _bNew Delhi _e110092 |
||
| 300 |
_axii, 257 p. : _c 19 x 23 cm(pbk) _bcol. ill. |
||
| 490 | _aPlain & simple | ||
| 500 | _a Includes index. | ||
| 505 | _aAbout this book -- Creating a custom web app -- Modifying a web app -- Creating a desktop database -- Working with data in datasheets -- Selecting data using queries -- Modifying data using queries -- Improving presentations with forms -- Using controls effectively -- Preparing data to print using reports -- Exchanging data -- Introducing the power of macros -- Administering a database. | ||
| 520 | _aHere’s WHAT you’ll learn: --Build and manage your own database --Apply professional designs across your databases --Create presentations and publish reports online --Secure your database with passwords and encryption --Exchange data with other databases and documents --Interact with your data easier using macros. | ||
| 650 | _a Database management | ||
| 942 |
_2ddc _cEN _mCOU _h 005.7565 |
||
| 999 |
_c81313 _d81313 |
||